[Event "Panevezys op"]
[Site "Panevezys"]
[Date "2023.08.20"]
[Round "6"]
[White "Azarkevics, Aleksejs"]
[Black "Jansone, Melanija Luize"]
[Result "0-1"]
[WhiteElo "1392"]
[BlackElo "1550"]
[PlyCount "86"]
[EventDate "2023.08.18"]
[EventType "swiss"]
[EventRounds "7"]
[EventCountry "LTU"]
[SourceTitle "EXT 2024"]
[Source "ChessBase"]
[SourceDate "2023.10.10"]
[SourceVersion "1"]
[SourceVersionDate "2023.10.10"]
[SourceQuality "1"]

1. e4 d6 2. d4 Nf6 3. Nc3 g6 4. Be3 c6 5. Qd2 Qa5 6. Bd3 Ng4 7. Bf4 e5 8. dxe5 dxe5 9. Bg3 Bg7 10. h3 Nf6 11. b4 Qxb4 12. Bxe5 Nbd7 13. Rb1 Qe7 14. Bxf6 Nxf6 15. Nf3 0-0 16. 0-0 Nh5 17. Rfe1 Qc7 18. Ne2 Nf6 19. Ng3 Nd7 20. Nf1 Nb6 21. Ne3 Be6 22. a3 Na4 23. Qb4 b5 24. e5 Bxe5 25. Nxe5 Qxe5 26. Ng4 Qg7 27. Ne5 Bd5 28. c4 bxc4 29. Bxc4 Nb6 30. Bxd5 cxd5 31. a4 Rac8 32. a5 Nc4 33. Nd7 Rfe8 34. a6 h5 35. Rxe8+ Rxe8 36. Rd1 Ne5 37. Qb5 Re7 38. Qb8+ Kh7 39. Nf8+ Kh6 40. Rxd5 Qf6 41. Rd6 Qf4 42. Qd8 Ng4 43. Qb8 Ne5 0-1